|
|
|
|
| LEADER |
02000nam a22005175i 4500 |
| 001 |
978-1-137-51303-8 |
| 003 |
DE-He213 |
| 005 |
20160406141125.0 |
| 007 |
cr nn 008mamaa |
| 008 |
160204s2015 xxk| s |||| 0|eng d |
| 020 |
|
|
|a 9781137513038
|9 978-1-137-51303-8
|
| 024 |
7 |
|
|a 10.1057/9781137513038
|2 doi
|
| 040 |
|
|
|d GrThAP
|
| 050 |
|
4 |
|a GV706.5
|
| 072 |
|
7 |
|a JHBS
|2 bicssc
|
| 072 |
|
7 |
|a SPO066000
|2 bisacsh
|
| 082 |
0 |
4 |
|a 306.48
|2 23
|
| 100 |
1 |
|
|a Stebbins, Robert A.
|e author.
|
| 245 |
1 |
4 |
|a The Interrelationship of Leisure and Play
|h [electronic resource] :
|b Play as Leisure, Leisure as Play /
|c by Robert A. Stebbins.
|
| 264 |
|
1 |
|a London :
|b Palgrave Macmillan UK :
|b Imprint: Palgrave Macmillan,
|c 2015.
|
| 300 |
|
|
|a VII, 183 p.
|b online resource.
|
| 336 |
|
|
|a text
|b txt
|2 rdacontent
|
| 337 |
|
|
|a computer
|b c
|2 rdamedia
|
| 338 |
|
|
|a online resource
|b cr
|2 rdacarrier
|
| 347 |
|
|
|a text file
|b PDF
|2 rda
|
| 490 |
1 |
|
|a Leisure Studies in a Global Era
|
| 520 |
|
|
|a Augmentative play is a special activity that substantially aids the pursuit of a larger, encompassing leisure activity. This approach to the study of play is unique. It recognizes the hundreds of activities in which play and leisure come together.
|
| 650 |
|
0 |
|a Social sciences.
|
| 650 |
|
0 |
|a Humanities.
|
| 650 |
|
0 |
|a Sports.
|
| 650 |
|
0 |
|a Sociology.
|
| 650 |
|
0 |
|a Social sciences
|x Philosophy.
|
| 650 |
|
0 |
|a Sports
|x Sociological aspects.
|
| 650 |
1 |
4 |
|a Social Sciences.
|
| 650 |
2 |
4 |
|a Sociology of Sport and Leisure.
|
| 650 |
2 |
4 |
|a Sociology, general.
|
| 650 |
2 |
4 |
|a Social Theory.
|
| 650 |
2 |
4 |
|a Popular Science in Sports.
|
| 650 |
2 |
4 |
|a Popular Science in Humanities / Arts.
|
| 710 |
2 |
|
|a SpringerLink (Online service)
|
| 773 |
0 |
|
|t Springer eBooks
|
| 776 |
0 |
8 |
|i Printed edition:
|z 9781349576029
|
| 830 |
|
0 |
|a Leisure Studies in a Global Era
|
| 856 |
4 |
0 |
|u http://dx.doi.org/10.1057/9781137513038
|z Full Text via HEAL-Link
|
| 912 |
|
|
|a ZDB-2-SBL
|
| 950 |
|
|
|a Biomedical and Life Sciences (Springer-11642)
|